L'Europa vista dai partiti : (Record no. 58328)

MARC details
000 -LEADER
campo de control de longitud fija 01403cam a22004094a 4500
001 - NÚMERO DE CONTROL
campo de control 99270
005 - FECHA Y HORA DE LA ÚLTIMA TRANSACCIÓN
campo de control 20230410121122.0
008 - DATOS DE LONGITUD FIJA--INFORMACIÓN GENERAL
campo de control de longitud fija 100409s2009 it b 000 0 ita d
010 ## - NÚMERO DE CONTROL DE LA BIBLIOTECA DEL CONGRESO
Número de control de LC 2010357391
035 ## - NÚMERO DE CONTROL DEL SISTEMA
Número de control de sistema (OCoLC)ocn606734596
040 ## - FUENTE DE CATALOGACIÓN
Centro catalogador/agencia de origen ItFiC
Lengua de catalogación eng
Centro/agencia transcriptor C3L
Centro/agencia modificador DLC
-- OCLCQ
020 ## - NÚMERO INTERNACIONAL ESTÁNDAR DEL LIBRO
Número Internacional Estándar del Libro 9788884926692
020 ## - NÚMERO INTERNACIONAL ESTÁNDAR DEL LIBRO
Número Internacional Estándar del Libro 8884926696
029 1# - OTRO NÚMERO DE CONTROL DE SISTEMA (OCLC)
Identificador de la biblioteca OCLC C3L
Número de control de sistema 09801081
035 ## - NÚMERO DE CONTROL DEL SISTEMA
Número de control de sistema (OCoLC)606734596
042 ## - CÓDIGO DE AUTENTICACIÓN
Código de autenticación lccopycat
043 ## - CÓDIGO DE ÁREA GEOGRÁFICA
Código de área geográfica e------
045 ## - PERIODO DE TIEMPO DEL CONTENIDO
Código de periodo de tiempo x4x-
050 14 - SIGNATURA TOPOGRÁFICA DE LA BIBLIOTECA DEL CONGRESO
Número de clasificación JN30
Número de ítem C762e 2010
082 04 - NÚMERO DE LA CLASIFICACIÓN DECIMAL DEWEY
Número de clasificación 327
Número de edición 21
100 1# - ENTRADA PRINCIPAL--NOMBRE DE PERSONA
Nombre de persona Conti, Nicoláo.
245 12 - MENCIÓN DEL TÍTULO
Título L'Europa vista dai partiti :
Resto del título paesi dell'UE e Italia a confronto /
Mención de responsabilidad, etc. Nicoláo Conti.
260 ## - PUBLICACIÓN, DISTRIBUCIÓN, ETC.
Lugar de publicación, distribución, etc. Pisa :
Nombre del editor, distribuidor, etc. PLUS-Pisa University Press,
Fecha de publicación, distribución, etc. c2009.
300 ## - DESCRIPCIÓN FÍSICA
Extensión 215 p. ;
Dimensiones 22 cm.
490 1# - MENCIÓN DE SERIE
Mención de serie Scienza politica ;
Designación de volumen o secuencia 2
504 ## - NOTA DE BIBLIOGRAFÍA, ETC.
Nota de bibliografía, etc. Includes bibliographical references (p. 205-215).
610 20 - PUNTO DE ACCESO ADICIONAL DE MATERIA--NOMBRE DE ENTIDAD CORPORATIVA
Nombre de entidad corporativa o nombre de jurisdicción como elemento de entrada European Union.
650 #0 - PUNTO DE ACCESO ADICIONAL DE MATERIA--TÉRMINO DE MATERIA
Término de materia o nombre geográfico como elemento de entrada Political parties
Subdivisión geográfica European Union countries.
651 #0 - PUNTO DE ACCESO ADICIONAL DE MATERIA--NOMBRE GEOGRÁFICO
Nombre geográfico European Union countries
Subdivisión general Politics and government.
776 08 - ENTRADA DE FORMULARIO FÍSICO ADICIONAL
Información de relación Online version:
Encabezamiento principal Conti, Nicoláo
Título Europa vista dai partiti.
Lugar, editor y fecha de publicación Pisa : PLUS-Pisa University Press, c2009
Número de control del registro (OCoLC)697126609
856 41 - LOCALIZACIÓN Y ACCESO ELECTRÓNICOS
Materiales especificados Table of contents only
Identificador Uniforme de Recursos <a href="http://catdir.loc.gov/catdir/toc/casalini08/09801081.pdf">http://catdir.loc.gov/catdir/toc/casalini08/09801081.pdf</a>
830 #0 - PUNTO DE ACCESO ADICIONAL DE SERIE-TÍTULO UNIFORME
Título uniforme Scienza politica ;
Designación de volumen o secuencia 2.
938 ## -
-- Casalini Libri
-- CASA
-- 09801081
-- 16.00 EUR
942 ## - ELEMENTOS DE ENTRADA SECUNDARIOS (KOHA)
Fuente del sistema de clasificación o colocación Clasificación de Library of Congress
Tipo de ítem Koha
946 ## - PROCESAMIENTO DE INFORMACIÓN LOCAL (OCLC)
a INF
994 ## -
-- C0
-- DRFGD
Holdings
Estatus retirado Estado de pérdida Fuente del sistema de clasificación o colocación Estado de daño No para préstamo Colección Biblioteca de origen Biblioteca actual Ubicación en estantería Fecha de adquisición Serial enumeration / chronology Signatura topográfica completa Código de barras Visto por última vez Copia número Tipo de ítem Koha
    Clasificación de Library of Congress     Ciencias Sociales Biblioteca Juan Bosch Biblioteca Juan Bosch Ciencias Sociales (3er. Piso) 10/04/2023 1 JN30 C762e 2010 00000091731 24/10/2018 1